[Event "Wroclaw Anderssen Memorial op-B"]
[Site "Wroclaw"]
[Date "2023.??.??"]
[Round "9"]
[White "Petrykowski, Pawel"]
[Black "Ptak, Pawel"]
[Result "0-1"]
[WhiteElo "1141"]
[BlackElo "1301"]
[PlyCount "56"]
[EventDate "2023.08.06"]
[EventType "swiss"]
[EventRounds "9"]
[EventCountry "POL"]
[SourceTitle "EXT 2024"]
[Source "ChessBase"]
[SourceDate "2023.10.10"]
[SourceVersion "1"]
[SourceVersionDate "2023.10.10"]
[SourceQuality "1"]

1. e4 c6 2. d4 d5 3. exd5 cxd5 4. Bd3 Nc6 5. c3 Nf6 6. Bf4 Bg4 7. Qb3 Qc8 8. h3 Bd7 9. Nf3 e6 10. 0-0 Be7 11. Nbd2 Na5 12. Qc2 b5 13. b4 Nc4 14. Nxc4 dxc4 15. Be2 Bc6 16. Ne5 Be4 17. Qd2 0-0 18. Bg5 Qb7 19. Nf3 Rfd8 20. Qe3 a5 21. a3 Ra6 22. a4 axb4 23. cxb4 bxa4 24. Bxc4 Rb6 25. Ne5 Bxg2 26. Nxf7 Bxf1 27. Rxf1 Kxf7 28. Qxe6+ Rxe6 0-1